Online
Catalog

Estado del arte de las migraciones que atañen a la República Dominicana 2012 / (Record no. 41567)

MARC details
000 -CABECERA
campo de control de longitud fija 01577nam a2200277 a 4500
001 - NÚMERO DE CONTROL
campo de control 000042078
005 - FECHA Y HORA DE LA ÚLTIMA TRANSACCIÓN
campo de control 20250410151140.0
008 - DATOS DE LONGITUD FIJA--INFORMACIÓN GENERAL
campo de control de longitud fija 131112s2013 dr a 000 0 spa d
020 ## - NÚMERO INTERNACIONAL ESTÁNDAR DEL LIBRO
Número Internacional Estándar del Libro 9789945165753
040 ## - FUENTE DE LA CATALOGACIÓN
Centro catalogador/agencia de origen DO-SdBNP
Lengua de catalogación spa
Centro/agencia transcriptor BNPHU
082 ## - NÚMERO DE LA CLASIFICACIÓN DECIMAL DEWEY
Número de clasificación 304.87293
Número de documento/Ítem R621e
100 1# - ENTRADA PRINCIPAL--NOMBRE DE PERSONA
Nombre de persona Riveros, Natalia
9 (RLIN) 42979
245 10 - MENCIÓN DE TÍTULO
Título Estado del arte de las migraciones que atañen a la República Dominicana 2012 /
Mención de responsabilidad, etc. elaborado por Natalia Riveros para el Observatorio Migrantes del Caribe ; prólogo Wilfredo Lozano.
260 ## - PUBLICACIÓN, DISTRIBUCIÓN, ETC.
Lugar de publicación, distribución, etc. Santo Domingo :
Nombre del editor, distribuidor, etc. Centro de Investigaciones y Estudio Sociales,
Fecha de publicación, distribución, etc. 2013.
300 ## - DESCRIPCIÓN FÍSICA
Extensión 141 p. :
Otras características físicas il., gráfcs. ;
Dimensiones 28 cm.
500 ## - NOTA GENERAL
Nota general Incluye referencias bibliográficas y notas al pie de las páginas
504 ## - NOTA DE BIBLIOGRAFÍA, ETC.
Nota de bibliografía, etc. Bibliografía: p. 117-141.
505 0# - NOTA DE CONTENIDO CON FORMATO
Nota de contenido con formato Abreviaciones
Título Prólogo --
-- Introducción --
-- Panorama de las migraciones a nivel del caribe insular --
-- La emigración dominicana: cifras tendencias --
-- Flujo inmigratorio: cifras y tendencias --
-- Evolución de las políticas migratorias durante el 2012 --
-- La situación de derechos humanos de las personas inmigrantes --
-- Conclusión --
590 ## - NOTA LOCAL (RLIN)
Nota local Inventariado, 2018/VM
650 #0 - PUNTO DE ACCESO ADICIONAL DE MATERIA--TÉRMINO DE MATERIA
Término de materia o nombre geográfico como elemento de entrada Política de migración
Subdivisión geográfica República Dominicana
9 (RLIN) 55031
651 #4 - PUNTO DE ACCESO ADICIONAL DE MATERIA--NOMBRE GEOGRÁFICO
Nombre geográfico República Dominicana
Subdivisión general Emigración E Inmigración
-- Aspectos Sociales
9 (RLIN) 9361
651 #4 - PUNTO DE ACCESO ADICIONAL DE MATERIA--NOMBRE GEOGRÁFICO
Nombre geográfico República Dominicana
Subdivisión general Emigración E Inmigración
-- Aspectos Económicos
9 (RLIN) 9359
700 1# - PUNTO DE ACCESO ADICIONAL--NOMBRE DE PERSONA
Nombre de persona Lozano, Wilfredo
Fechas asociadas al nombre 1950-
Término indicativo de función/relación pról.
9 (RLIN) 7126
710 2# - PUNTO DE ACCESO ADICIONAL--NOMBRE DE ENTIDAD CORPORATIVA
Nombre de entidad corporativa o nombre de jurisdicción como elemento de entrada Observatorio Migrantes del Caribe (OBMICA)
9 (RLIN) 69072
910 ## - DATOS DE OPCIÓN DEL USUARIO (OCLC)
Datos de opción del usuario Validado. Control de calidad EMS
Holdings
Estado de retiro Estado de pérdida Restricciones de uso No para préstamo Código de colección Localización permanente Ubicación/localización actual Ubicación en estantería Fecha de adquisición Número de inventario Total de préstamos Signatura topográfica completa Código de barras Fecha visto por última vez Número de copia Precio válido a partir de Tipo de ítem Koha
        Dominicana de Servicio General General Depósito 12.11.2013 LF1   304.87293 R621e 42078-30 25.06.2020 e. 3 25.06.2020 Libro y Folleto Colección Dominicana de Servicio
        Patrimonio Dominicano General General Orden iniciada 13.11.2013 LF1   304.87293 R621e 42079-10 25.06.2020   25.06.2020 Libro y Folleto Colección Patrimonio Dominicano
      Excluido de préstamo Patrimonio Dominicano Patrimonio Dominicano Patrimonio Dominicano Depósito 12.11.2013 LF1   304.87293 R621e 42078-10 25.06.2020   25.06.2020 Libro y Folleto Colección Patrimonio Dominicano
      Excluido de préstamo Patrimonio Dominicano Patrimonio Dominicano Patrimonio Dominicano Depósito 12.11.2013 LF1   304.87293 R621e 42078-20 25.06.2020 e. 2 25.06.2020 Libro y Folleto Colección Patrimonio Dominicano

Powered by Koha